000 00318nam a22001337a 4500
008 170627b xxu||||| |||| 00| 0 eng d
020 _a9780393927412
041 _aeng
080 _27TH
_a82
100 _a21
101 _aGJL
245 _aTHE NORTON ANTHOLOGY OF AMERICAN LITERATURE
_cREESMAN,J.C
942 _2udc
_cBK
999 _c19213
_d19213